ნორმალური ფორმატი
MARC ფორმატი
ჩანაწერი Personal Name
ჩანაწერთა რაოდენობა, რომელიც გამოყენებულია: 1
001 - CONTROL NUMBER
- control field: 12180
003 - CONTROL NUMBER IDENTIFIER
- control field: GE_BSU
005 - DATE AND TIME OF LATEST TRANSACTION
- control field: 20210702180504.0
008 - FIXED-LENGTH DATA ELEMENTS
- fixed length control field: 210702|| aca||aabn | a|a d
040 ## - CATALOGING SOURCE
- Original cataloging agency: GE_BSU
- Transcribing agency: GE_BSU
100 ## - HEADING--PERSONAL NAME
- Personal name: Bak, David A.
- Relator term: by
670 ## - SOURCE DATA FOUND
- Source citation: Work cat.: (GE_BSU)53928: Vining, William J. 12178, Interactive Organic Chemistry :
